000 00695nam a2200253Ia 4500
003 OSt
005 20220912152432.0
006 a|||||r|||| 00| 0
007 ta
008 220909b |||||||| |||| 00| 0 eng d
024 _a47726
037 _cTextual
040 _aCSL
_beng
_cCSL
041 _aeng
082 _aG9U:3p1,N62, K4-;1
100 _aWeihe W H Ed.
111 _aSymosium on physiological effects of high altitude (1962 : Interlaken)
245 0 _aProceeding on physiological effects of high altitude
260 _c1964
300 _ap.
_ccm.
650 _aBiology
942 _hG9U:3p1,N62, K4-;1
_cTEXL
_2CC
999 _c85934
_d85934